Normal view MARC view

Entry Personal Name

Number of records used in: 1

001 - CONTROL NUMBER

  • control field: 37297

003 - CONTROL NUMBER IDENTIFIER

  • control field: OSt

005 - DATE AND TIME OF LATEST TRANSACTION

  • control field: 20230405124949.0

008 - FIXED-LENGTH DATA ELEMENTS

  • fixed length control field: 230405|| aca||aabn | a|a d

040 ## - CATALOGING SOURCE

  • Original cataloging agency: OSt
  • Transcribing agency: OSt

100 ## - HEADING--PERSONAL NAME

  • Personal name: Panda, R., Lahoti, S. and Prabhu, R.R.

670 ## - SOURCE DATA FOUND

  • Source citation: Work cat.: (OSt)521589: Panda, R., Lahoti, S. and Prabhu, R.R. , Examining socio-economic inequalities in tobacco cessation in India: An analysis of the global adult tobacco survey 2

Powered by Koha